[Event "NCA-ch"]
[Site "Managua"]
[Date "2011.09.04"]
[Round "7"]
[White "Cano, Carlos1111"]
[Black "Rivera, Azucena"]
[Result "1-0"]
[WhiteElo "1999"]
[BlackElo "1750"]
[PlyCount "79"]
[EventDate "2011.08.20"]
[EventType "swiss"]
[EventRounds "9"]
[EventCountry "NCA"]
[SourceTitle "CBM 144 Extra"]
[Source "ChessBase"]
[SourceDate "2011.10.28"]
[SourceVersion "1"]
[SourceVersionDate "2011.10.28"]
[SourceQuality "1"]

1. d4 Nf6 2. c4 e6 3. g3 d5 4. Bg2 Be7 5. Nf3 0-0 6. 0-0 c5 7. cxd5 Nxd5 8. b3 cxd4 9. Bb2 Nc6 10. Nxd4 Nxd4 11. Bxd4 Bf6 12. e4 Bxd4 13. Qxd4 Nf6 14. Qxd8 Rxd8 15. Nc3 Bd7 16. e5 Ng4 17. Bxb7 Rab8 18. Bg2 Nxe5 19. Rfd1 Bc6 20. Rxd8+ Rxd8 21. Bxc6 Nxc6 22. Rd1 Rxd1+ 23. Nxd1 Nb4 24. Nc3 Kf8 25. Kf1 Ke7 26. Ke2 f5 27. Kd2 a6 28. a3 Nc6 29. b4 Nd4 30. Kd3 Nb5 31. a4 Nc7 32. Kc4 Kd6 33. b5 g5 34. b6 Ne8 35. a5 h5 36. Na4 Kc6 37. Nc5 Nd6+ 38. Kb4 Nb7 39. Nxb7 Kxb7 40. Kc5 1-0

[Event "NCA-ch"]
[Site "Managua"]
[Date "2011.08.21"]
[Round "3"]
[White "Torres, Juan Carlos1111"]
[Black "Rivera, Azucena"]
[Result "1-0"]
[WhiteElo "1969"]
[BlackElo "1750"]
[PlyCount "35"]
[EventDate "2011.08.20"]
[EventType "swiss"]
[EventRounds "9"]
[EventCountry "NCA"]
[SourceTitle "CBM 144 Extra"]
[Source "ChessBase"]
[SourceDate "2011.10.28"]
[SourceVersion "1"]
[SourceVersionDate "2011.10.28"]
[SourceQuality "1"]

1. e4 c5 2. Nf3 d6 3. d4 cxd4 4. Nxd4 Nf6 5. Nc3 a6 6. Bg5 e6 7. f4 Be7 8. Qf3 Qc7 9. 0-0-0 Nbd7 10. Bd3 b5 11. Bxf6 gxf6 12. e5 Bb7 13. Qh5 Nc5 14. Bxb5+ axb5 15. Ndxb5 Qb6 16. exd6 Bd8 17. d7+ Nxd7 18. Nd6+ 1-0